Word Ladder: Lost Clownfish Quiz Stats

 Plays Quiz Updated Apr 23, 2016

Challenge
Share
Tweet
Embed
Score 0/20 Timer 02:00
4 Plays Today
Clue 4-Letter Word % Correct
● Lost fish in 2003 film ●● NEMO ●
98.5%
Postcard platitude: 'Wish you were ____'HERE
97.8%
What you do upon a starWISH
96.8%
Villain's foeHERO
95.3%
1973 romance: 'The Way We ____'WERE
94.7%
Balled-up handFIST
93.9%
Very light fogMIST
93.8%
Roman Emperor from 54 to 68 ADNERO
93.5%
2003 film quote: '____ are friends, not [Rung 15].'FISH
91.9%
Nearly all ofMOST
90.1%
Clue 4-Letter Word % Correct
Model T automakerFORD
90%
Electric circuit componentWIRE
89.4%
Golfer's warningFORE
87.6%
US VP under ClintonGORE
86.1%
Like Minerva or AthenaWISE
85.5%
● Forgetful fish in 2003 film ●● DORY ●
83.6%
Graphic, like a horror filmGORY
83.3%
2003 film quote: '[Rung 9] are friends, not ____.'FOOD
81%
Temporary feelingMOOD
72.9%
Law school activity: ____ courtMOOT
71.8%

Today's Daily Dose

You're not logged in!

Compare scores with friends on all Sporcle quizzes.
Join for Free
OR
Log In

You Might Also Like...

Show Comments

Extras

Top Quizzes Today


Score Distribution

Your Account Isn't Verified!

In order to create a playlist on Sporcle, you need to verify the email address you used during registration. Go to your Sporcle Settings to finish the process.

Report this User

Report this user for behavior that violates our Community Guidelines.

Details: